Justicia y misericordia de Dios /
Uloženo v:
| Hlavní autor: | |
|---|---|
| Médium: | Kniha |
| Jazyk: | španělština |
| Edice: | (Joyas de la Mística Española ;
10) |
| Témata: | |
| Tagy: |
Žádné tagy, Buďte první, kdo vytvoří štítek k tomuto záznamu!
|
MARC
| LEADER | 00000nam^a2200000^a^4500 | ||
|---|---|---|---|
| 001 | 000380900 | ||
| 005 | 20250526000000.0 | ||
| 009 | 20260310120624.982 | ||
| 037 | |a Acervo Xavier Clavigero | ||
| 041 | |a ESP | ||
| 082 | |a 248. 22 |b JOY V. 10 | ||
| 100 | |a Nieremberg, Juan Eusebio |e (autor) | ||
| 245 | 1 | 0 | |a Justicia y misericordia de Dios / |c J.E. Nieremberg. |
| 264 | |a Madrid, España : |b La España, |c copyright fecha no identificada | ||
| 300 | |a 160 p. ; |c 12.5 cm. | ||
| 336 | |a texto |b txt |2 rdacontenido | ||
| 337 | |a sin mediación |b n |2 rdamedio | ||
| 338 | |a volumen |b nc |2 rdasoporte | ||
| 440 | 1 | |a (Joyas de la Mística Española ; |v 10) | |
| 501 | |a Encuadernación particular | ||
| 561 | |a Ex libris de A. Espinosa M. Chavinda | ||
| 562 | |a Falta cubierta | ||
| 649 | |a XX | ||
| 650 | |a Dios - |x Misericordia - |x Tema Principal | ||
| 650 | |a Perfección (Religión) | ||
| 650 | |a Gracia (Teología) | ||
| 650 | |a Redención | ||
| 650 | |a Justicia e Injusticia | ||
| 650 | |a Vida Espiritual | ||
| 650 | |a Vida Cristiana | ||
| 650 | |a Misticismo Cristiano - |z España | ||
| 650 | |a Misticismo Cristiano - |x Tema Principal | ||
| 650 | |a Etica Cristiana | ||
| 650 | |a Catolicismo | ||
| 650 | |a Cristianismo | ||
| 650 | |a Religión | ||
| 910 | |a Fondo General | ||
| 920 | |a Impresos - Libros | ||
| 930 | |a Libros Antiguos y Raros | ||
| 905 | |a 108 | ||
| 901 | |a 0500275792 |b IT2 |c LRA |u 20250526 | ||
| 902 | |a https://opac.biblio.iteso.mx/vufind/Record/000380900 | ||